| 000 | 01915cam a22004817i 4500 | ||
|---|---|---|---|
| 999 |
_c2461 _d2461 |
||
| 001 | 18245719 | ||
| 003 | OSt | ||
| 005 | 20230602103016.0 | ||
| 008 | 140729s2015 moua j 6 000 1 eng d | ||
| 010 | _a 2014947175 | ||
| 015 |
_aGBB4D0633 _2bnb |
||
| 016 | 7 |
_a016947058 _2Uk |
|
| 020 |
_a9781449464899 _q(paperback) |
||
| 035 | _a(OCoLC)ocn884807373 | ||
| 040 |
_aBTCTA _beng _cBTCTA _erda _dBDX _dFLWMD _dUKMGB _dJBL _dNYP _dCGP _dUPZ _dCGB _dAUOAC _dDLC _dKH8 |
||
| 042 | _alccopycat | ||
| 082 | 0 | 4 |
_a741.56973 PEI _223 |
| 100 | 1 |
_aPeirce, Lincoln, _eauthor. |
|
| 240 | 1 | 0 |
_aBig Nate. _kSelections |
| 245 | 1 | 0 |
_aBig Nate's greatest hits / _cby Lincoln Peirce. |
| 246 | 3 | 0 | _aGreatest hits |
| 264 | 1 |
_aKansas City : _bAndrews McMeel Publishing, _c[2015] |
|
| 300 |
_a373 pages : _bcolor illustrations ; _c23 cm |
||
| 336 |
_astill image _bsti _2rdacontent |
||
| 336 |
_atext _btxt _2rdacontent |
||
| 337 |
_aunmediated _bn _2rdamedia |
||
| 338 |
_avolume _bnc _2rdacarrier |
||
| 490 | 0 | _aBig Nate | |
| 500 | _a"These strips appeared in newspapers from January 1, 1997 to December 31, 1997, and were also in the ebooks, Big Nate makes a splash, Big Nate: dibs on this chair, and Big Nate: pray for a fire drill"--Colophon. | ||
| 520 | _aThe more Big Nate, the better! Readers will have their fill of Nate's wisecracks and school-day shenanigans in this giant collection of hilarious comic strips. | ||
| 650 | 0 |
_aMiddle schools _vComic books, strips, etc. |
|
| 650 | 0 |
_aConduct of life _vComic books, strips, etc. |
|
| 650 | 0 |
_aSchools _vComic books, strips, etc. |
|
| 650 | 0 |
_aMiddle schools _vJuvenile fiction. |
|
| 650 | 0 |
_aHuman behavior _vJuvenile fiction. |
|
| 650 | 0 |
_aSchools _vJuvenile fiction. |
|
| 650 | 1 |
_aMiddle schools _vFiction. |
|
| 650 | 1 |
_aBehavior _vFiction. |
|
| 650 | 1 |
_aSchools _vFiction. |
|
| 650 | 1 | _aCartoons and comics. | |
| 655 | 0 | _aComic books, strips, etc. | |
| 942 |
_2ddc _cNFIC |
||